00562cam a22002051 4500001001300000003000400013005001700017008004100034010001700075025001900092035001900111040001800130050001600148100004300164245003400207260004300241300001900284651003600303999001700339sa 63002511 DLC20260227111934.0820408s1962 enk 000 0 eng  asa 63002511  aPL480:I-E-1318 a(OCoLC)8322546 aDLCcViUdDLC00aDS421b.P171 aPanchapakesa Ayyar, A. S.,d1899-1963.10aTwenty five years a civilian. aMadras,bV. Ramaswamy Sastrulu,c1962. a474 p.c19 cm. 0aIndiaxSocial life and customs. c54494d54494